MARC

Tag First Indicator Second Indicator Subfields
LEADER 00000cam a2200000 4500
001 in00000252921
005 20151010054418.0
008 771215s1932 mnuacf 00110 eng
010 |a  32017122  
035 |a (OCoLC)03495753 
035 |9 ABC7741AM 
040 |a DLC  |c OCP  |d TXA  |d UtOrBLW 
049 |a TXAS  |c [1099272] 
050 0 |a F601  |b .M68 vol. 1  |a F606.M387 
082 0 |a 917.76 
090 |a F606  |b .M387 
100 1 |a Mayer, Frank Blackwell,  |d 1827-1899. 
245 1 0 |a With pen and pencil on the frontier in 1851 ;  |b the diary and sketches of Frank Blackwell Mayer /  |c edited with an introduction and notes by Bertha L. Heilbron. 
264 1 |a Saint Paul :  |b Minnesota Historical Society,  |c 1932. 
300 |a xii pages, 214 pages :  |b illustrations, plates, portraits ;  |c 21 cm. 
336 |a text  |b txt  |2 rdacontent 
337 |a unmediated  |b n  |2 rdamedia 
338 |a volume  |b nc  |2 rdacarrier 
490 1 |a Publications of the Minnesota Historical Society 
490 1 |a Narratives and documents. Vol. I 
650 0 |a Indians of North America  |z Minnesota. 
650 0 |a Indians of North America  |x Social life and customs. 
651 0 |a Minnesota  |x Description and travel. 
651 0 |a United States  |v Aerial views. 
651 0 |a United States  |v Pictorial works. 
700 1 |a Heilbron, Bertha L.  |q (Bertha Lion),  |d 1895-1972. 
830 0 |a Publications of the Minnesota Historical Society. 
830 0 |a Narratives and documents ;  |v v. 1. 
999 |a MARS 
999 f f |s 4f50e885-63b7-304e-9f58-c0a798d1f947  |i f2a32138-b188-3703-ab5d-390fadd86fa2  |t 0 
952 f f |p noncirc  |a Texas A&M University  |b College Station  |c Cushing Memorial Library & Archives  |d Cushing: Kelsey Americana (Does not check out)  |t 0  |e F606 .M387  |h Library of Congress classification  |i unmediated -- volume 
952 f f |p noncirc  |a Texas A&M University  |b College Station  |c Cushing Memorial Library & Archives  |d Cushing: Kelsey Illustrators (Does not check out)  |t 0  |e F606 .M387  |h Library of Congress classification  |i unmediated -- volume  |m A14800346835 
998 f f |a F606 .M387  |t 0  |l Cushing: Kelsey Americana (Does not check out) 
998 f f |a F606 .M387  |t 0  |l Cushing: Kelsey Illustrators (Does not check out)